Globální pohled na globální normy průzkum o normách ISO 9000 a ISO 14000 provedený v 15 ekonomikách
Článok zhrňuje zistenia získané na základe prieskumu 5398 firiem certifikovaných podľa ISO 9000 a ISI 14000 v 15 ekonomikách Severnej Ameriky, Európy a Ázie. Skúma ich motiváciu pri snahe o získanie certifikácie a pociťované prínosy pri uplatňovaní normy. Sústreďuje sa na to, ako sa líši motivácia a...
Enregistré dans:
| Auteur principal: | |
|---|---|
| Autres auteurs: | , |
| Format: | Chapitre de livre |
| Langue: | tchèque |
| Sujets: | |
| Tags: |
Pas de tags, Soyez le premier à ajouter un tag!
|
MARC
| LEADER | 00000naa$a2200000$$$4500 | ||
|---|---|---|---|
| 001 | 0001467 | ||
| 005 | 20230524134021.9 | ||
| 041 | 0 | |a cze | |
| 044 | |a CZ | ||
| 245 | 1 | 0 | |a Globální pohled na globální normy |b průzkum o normách ISO 9000 a ISO 14000 provedený v 15 ekonomikách |c Charles J. Corbett, Anastasia M. Luca, Jeh-Nan Pan |
| 520 | |a Článok zhrňuje zistenia získané na základe prieskumu 5398 firiem certifikovaných podľa ISO 9000 a ISI 14000 v 15 ekonomikách Severnej Ameriky, Európy a Ázie. Skúma ich motiváciu pri snahe o získanie certifikácie a pociťované prínosy pri uplatňovaní normy. Sústreďuje sa na to, ako sa líši motivácia a výhody v jednotlivých krajinách a/alebo v jednotlivých oblastiach podnikania. | ||
| 610 | 2 | 0 | |a firmy |
| 610 | 2 | 0 | |a podnikanie |
| 610 | 2 | 0 | |a certifikácia |
| 610 | 2 | 0 | |a normy ISO |
| 610 | 2 | 0 | |a Severná Amerika |
| 610 | 2 | 0 | |a Európa |
| 610 | 2 | 0 | |a Ázia |
| 100 | 1 | |a Corbett, Charles J. | |
| 700 | 1 | |a Luca, Anastasia M. | |
| 700 | 1 | |a Jeh-Nan Pan | |